Library Banner

SPSS basics techniques for a first course in statistics / (Record no. 91713)

MARC details
000 -LEADER
fixed length control field 00511nam a22001817a 4500
005 - DATE AND TIME OF LATEST TRANSACTION
control field 20180622093831.0
008 - FIXED-LENGTH DATA ELEMENTS--GENERAL INFORMATION
fixed length control field 170314b xxu||||| |||| 00| 0 eng d
020 ## - INTERNATIONAL STANDARD BOOK NUMBER
International Standard Book Number 9781936523450
040 ## - CATALOGING SOURCE
Transcribing agency PK-LaUMT
082 ## - DEWEY DECIMAL CLASSIFICATION NUMBER
Classification number 519.50285536
Item number HOL-S
100 ## - MAIN ENTRY--PERSONAL NAME
Personal name Holcomb, Zealure C.
245 ## - TITLE STATEMENT
Title SPSS basics techniques for a first course in statistics /
Statement of responsibility, etc Zealure C. Holcomb and Susan Jarmuz-Smith
250 ## - EDITION STATEMENT
Edition statement 6th ed.
260 ## - PUBLICATION, DISTRIBUTION, ETC. (IMPRINT)
Place of publication, distribution, etc London :
Name of publisher, distributor, etc Routledge,
Date of publication, distribution, etc 2017
300 ## - PHYSICAL DESCRIPTION
Extent 207 p.
650 ## - SUBJECT ADDED ENTRY--TOPICAL TERM
Topical term or geographic name as entry element SPSS
942 ## - ADDED ENTRY ELEMENTS (KOHA)
Koha item type Books
Holdings
Withdrawn status Lost status Damaged status Home library Current library Date acquired Full call number Barcode Date last seen Copy number Price effective from Koha item type
      UMT Main Campus UMT Main Campus 2017-03-14 519.50285536 HOL-S 106295 2021-09-01 C. 2 2017-03-14 Books
      UMT Main Campus UMT Main Campus 2017-03-20 519.50285536 HOL-S 105778 2020-02-14   2017-03-20 Books